Panorama de la teología latinoamericana
Furkejuvvon:
| Searvvušdahkki: | |
|---|---|
| Materiálatiipa: | Girji |
| Giella: | espánnjágiella |
| Almmustuhtton: |
Salamanca
Sígueme
1975
|
| Ráidu: | Materiales, 8
|
| Fáttát: | |
| Fáddágilkorat: |
Lasit fáddágilkoriid
Eai fáddágilkorat, Lasit vuosttaš fáddágilkora!
|
MARC
| LEADER | 00000nam a2200000 a 4500 | ||
|---|---|---|---|
| 001 | UCR1770 | ||
| 003 | CL-VaPUC | ||
| 008 | 971219e19750000SP |||||||||||||||||spa|d | ||
| 082 | 0 | 4 | |a 261.1 |b EQU |2 21 |
| 110 | 2 | |a Equipo Seladoc |e author |9 399236 | |
| 245 | 1 | 0 | |a Panorama de la teología latinoamericana |
| 300 | |a 349 p | ||
| 942 | |c BK | ||
| 945 | |d 19971219 00:00:00 |a jquezada | ||
| 260 | |a Salamanca |b Sígueme |c 1975 | ||
| 650 | 0 | |a Teología |9 258766 | |
| 650 | 0 | |a Religión |9 255164 | |
| 650 | 0 | |a Teología pastoral |9 257832 | |
| 650 | 7 | |a IGLESIA Y EDUCACION |2 CL-VaPUC |9 307850 | |
| 650 | 0 | |a Educación popular |9 308964 | |
| 651 | 0 | |a América Latina |9 255027 | |
| 583 | |a last modification |c 19971219 00:00:00 |k Rodrigo Vera | ||
| 490 | 0 | |a Materiales, 8 | |
| 999 | |c 265135 |d 265133 | ||
| 952 | |0 0 |1 0 |4 0 |6 261_100000000000000_EQU_1975 |7 0 |8 A |9 295951 |a BIBTEO |b BIBTEO |d 2019-11-20 |i 3382850 |o 261.1 EQU 1975 |p 3382850 |r 2025-01-17 |w 2019-11-20 |y BK |k ICR | ||